000 00938nam0a22002771 4500
001 rc\2769481
005 20250806201947.0
035 _a(NLR Aleph) 006895875
090 _a25990
_c25990
100 _a20110915d1941 u y0rusy50 ca
101 0 _arus
102 _aRU
105 _ay z |||||
200 1 _aПамятка для рецензента
_fСост. А. Е. Ландсберг
210 _aМосква
_aЛенинград
_cГосхимиздат
_d1941
_eМосква
215 _a32 с.
_d14 см.
300 _aНа папке составитель не указан
333 _aНа правах рукописи
700 1 _aЛандсберг
_bА.Е.
_gАнатолий Ефимович
801 0 _aRU
_bNLR
_gpsbo
801 1 _aRU
_bELAR
_2rusmarc
852 _aNLR
_jБ К2900/Л223
942 _cBOOK
945 _aРоссийская национальная библиотека
980 _aNB
980 _aBV